000 00525nam a2200169Ia 4500
008 230718s9999 xx 000 0 und d
020 _a9788131600337
041 _aeng
082 _a658.477
_bSIN
100 _aSingh R.B. (Editor)
245 _aNatural Hazards And Disaster Management
_bVulnerability And Mitigation
260 _c2013
_bRawat Publications
300 _a352
_dRef 1571 E ME (48025)
365 _cRs.
_b975.00
700 _aSingh R.B. (Editor)
906 _dO:0396809-Jul-2014B:78530-Jun-2014
_cME ETC
_b487.5
999 _c336818
_d336818